Chapter 12. Engaging non-majors in an Introductory Political Science Course via Debates, Primary Sources and Cut-up Cards

Zameranie na aktívne vzdelávanie ako prostriedok na dosiahnutie vyššej úrovne zapojenia študentov, zlepšenie udržania vedomostí a porozumenia. Zatiaľ čo problém zapojenia študentov je veľmi bežný na všetkých úrovniach vzdelávacieho systému, má osobitný význam pri výučbe úvodného kurzu politológie pr...

Descrizione completa

Salvato in:
Dettagli Bibliografici
Autore principale: Karas, Martin, 1991-
Natura: Capitolo di libro
Lingua:inglese
Soggetti:
Tags: Aggiungi Tag
Nessun Tag, puoi essere il primo ad aggiungerne!!

MARC

LEADER 00000naa$a2200000$$$4500
001 0259986
005 20240502083741.8
041 0 |a eng 
044 |a GB 
245 1 0 |a Chapter 12. Engaging non-majors in an Introductory Political Science Course via Debates, Primary Sources and Cut-up Cards  |c Martin Karas 
520 |a Zameranie na aktívne vzdelávanie ako prostriedok na dosiahnutie vyššej úrovne zapojenia študentov, zlepšenie udržania vedomostí a porozumenia. Zatiaľ čo problém zapojenia študentov je veľmi bežný na všetkých úrovniach vzdelávacieho systému, má osobitný význam pri výučbe úvodného kurzu politológie pre študentov vysokoškolského štúdia, ktorých hlavné zameranie nesúvisí s podobnými témami. 
610 2 0 |a motivácia 
610 2 0 |a vzdelávanie 
610 2 0 |a školy 
610 2 0 |a študenti 
100 1 |a Karas, Martin, 1991-